书目信息 |
| 题名: |
阿富汗史
|
|
| 作者: | 瓦哈卜 , 扬格曼 著 ;杨军 , 马旭俊 译 | |
| 分册: | ||
| 出版信息: | 上海 东方出版中心 2016.08 |
|
| 页数: | 390页 | |
| 开本: | 23cm | |
| 丛书名: | 东方·剑桥世界历史文库 | |
| 单 册: | ||
| 中图分类: | K372.0 | |
| 科图分类: | ||
| 主题词: | ||
| 电子资源: | ||
| ISBN: | 978-7-5473-0994-0 | |
| 000 | 01205oam2 2200301 450 | |
| 001 | 0120151652733 | |
| 005 | 20241011092746.78 | |
| 010 | @a978-7-5473-0994-0@dCNY58.00 | |
| 100 | @a20160905d2016 em y0chiy50 ea | |
| 101 | 1 | @achi@ceng |
| 102 | @aCN@b310000 | |
| 105 | @aa z 000yy | |
| 200 | 1 | @a阿富汗史@9a fu han shi@dA brief history of afghanistan@f沙伊斯塔·瓦哈卜,巴里·扬格曼著@g杨军,马旭俊译@zeng |
| 210 | @a上海@c东方出版中心@d2016.08 | |
| 215 | @a390页@c图,照片@d23cm | |
| 225 | 2 | @a东方·剑桥世界历史文库 |
| 330 | @a本书讲述了阿富汗从史前时代到21世纪的历史,其主题包括地形、种族、资源、杜兰尼帝国、多斯特·穆罕默德王朝、英国与阿富汗之间的战争博弈赛、君主制的覆灭、塔利班的垮台、20世纪的暴乱事件、内战遗留问题、阿富汗的大众文化、妇女地位等。 | |
| 333 | @a一般读者 | |
| 461 | 0 | @12001 @a东方·剑桥世界历史文库 |
| 510 | 1 | @aBrief history of afghanistan@zeng |
| 607 | @a阿富汗@x历史 | |
| 690 | @aK372.0@v5 | |
| 701 | 0 | @c(美)@a瓦哈卜@9wa ha bu@c(Wahab, Shaista)@4著 |
| 701 | 0 | @c(美)@a扬格曼@9yang ge man@c(Youngerman, Barry)@4著 |
| 702 | 0 | @a杨军@9yang jun@4译 |
| 702 | 0 | @a马旭俊@9ma xu jun@4译 |
| 801 | 0 | @aCN@b人天书店@c20160905 |
| 905 | @b993162-67@dK372.0@e6@f6 | |
| 阿富汗史=A brief history of afghanistan/沙伊斯塔·瓦哈卜,巴里·扬格曼著/杨军,马旭俊译.-上海:东方出版中心,2016.08 |
| 390页:图,照片;23cm.-(东方·剑桥世界历史文库) |
| 使用对象:一般读者 |
| ISBN 978-7-5473-0994-0:CNY58.00 |
| 本书讲述了阿富汗从史前时代到21世纪的历史,其主题包括地形、种族、资源、杜兰尼帝国、多斯特·穆罕默德王朝、英国与阿富汗之间的战争博弈赛、君主制的覆灭、塔利班的垮台、20世纪的暴乱事件、内战遗留问题、阿富汗的大众文化、妇女地位等。 |
| ● |
| 相关链接 |
|
|
|
|
正题名:阿富汗史
索取号:K372.0/6
 
预约/预借
| 序号 | 登录号 | 条形码 | 馆藏地/架位号 | 状态 | 备注 |
| 1 | 1054247 | 210542475 | 第二借阅区/ [索取号:K372.0/6] | 在馆 | |
| 2 | 993162 | 209931626 | 第二样本阅览室/ [索取号:K372.0/6] | 在馆 | |
| 3 | 993163 | 209931635 | 第二借阅区/ [索取号:K372.0/6] | 在馆 | |
| 4 | 993164 | 209931644 | 第二借阅区/ [索取号:K372.0/6] | 在馆 | |
| 5 | 993165 | 209931653 | 第二借阅区/ [索取号:K372.0/6] | 在馆 | |
| 6 | 993167 | 209931671 | 密集书库-史法系/ [索取号:K372.0/6] | 在馆 |